000 01213cam a2200277 i 4500
003 SA-RiAUC
005 20241011160913.0
008 241006s1985 su g f000 0 ara c
040 _aSA-RiIDS
_bara
_cSA-RiAUC
_erda
043 _aa-su---
082 0 4 _a343.5
090 _a343.5
_bس ع و
110 1 _aالسعودية.
_bمصلحة الزكاة والدخل
_eمؤلف.
245 1 0 _aمجموعة أنظمة ضريبة الدخل وضريبة الطرق وفريضة الزكاة /
_cمصلحة الزكاة والدخل، وزارة المالية والاقتصاد الوطني.
250 _aالطبعة الثانية.
264 1 _aالرياض :
_bوزارة المالية والاقتصاد الوطني،
_c1985
300 _a728 صفحة ؛
_c24 سم
336 _aنص
_btxt
_2rdacontent
_3كتاب
337 _aبدون وسيط
_bn
_2rdamedia
338 _aمجلد
_bnc
_2rdacarrier
650 7 _aالضرائب
_xقوانين وتشريعات
_zالسعودية
_2aucsh
650 7 _aضرائب الدخل
_xقوانين وتشريعات
_zالسعودية
_2aucsh
650 7 _aالزكاة
_zالسعودية
_2aucsh
942 _2ddc
_cBOOK
_n0
949 _aSA-JeALM
_d241006
_umohamedma123
_n1
999 _c1188
_d1188